[Event "XII Guillermo Garcia Prem II"]
[Site "Santa Clara"]
[Date "2004.05.27"]
[Round "7"]
[White "Gonzalez, Yuri"]
[Black "Perez, Rodney"]
[Result "1/2-1/2"]
[WhiteElo "2481"]
[BlackElo "2451"]
[PlyCount "56"]
[EventDate "2004.05.20"]
[Source "Roberto Alvarez"]
[SourceDate "2004.06.07"]

1. e4 e5 2. Nf3 Nc6 3. Bb5 Bc5 4. c3 Qf6 5. d3 h6 6. Be3 Bb6 7. Nbd2 Nge7 8. Nc4 O-O 9. O-O d6 10. h3 Qg6 11. Nh4 Qf6 12. Nxb6 axb6 13. Qh5 Ng6 14. Nxg6 fxg6 15. Qe2 g5 16. f3 Be6 17. a3 Ra5 18. a4 Raa8 19. b4 Na7 20. Bc4 Bxc4 21. dxc4 Nc6 22. Qd3 Kh7 23. Qd5 Rfb8 24. Rfd1 Ne7 25. Qd3 Ng6 26. Qd5 Nf4 27. Bxf4 Qxf4 28. Qd2 Ra6 1/2-1/2

[Event "Pardubice"]
[Site "?"]
[Date "2006.07.24"]
[Round "4"]
[White "Bobras Piotr"]
[Black "Ekdyshman Mikhail"]
[Result "1-0"]
[WhiteElo "2535"]
[BlackElo "2397"]
[PlyCount "39"]
[EventDate "2006.??.??"]
[Source "www.chesslib.no"]
[SourceDate "2004.05.04"]

1. e4 e5 2. Nf3 Nc6 3. Bb5 Bc5 4. c3 Qf6 5. d4 exd4 6. e5 Qg6 7. cxd4 Nxd4 8. Nxd4 Qb6 9. Be3 Bxd4 10. Qxd4 Qxb5 11. Nc3 Qc6 12. Nd5 Ne7 13. Nxe7 Kxe7 14. O-O d5 15. Rac1 Qd7 16. e6 Qxe6 17. Rfe1 Kf8 18. Bd2 Qd7 19. Rxc7 Qd8 20. Bh6 1-0

[Event "Matanzas"]
[Site "?"]
[Date "1994.??.??"]
[Round "?"]
[White "Rodriguez, Am"]
[Black "Martin del Campo, R."]
[Result "1-0"]
[WhiteElo "2470"]
[BlackElo "2460"]
[PlyCount "89"]
[EventDate "1994.??.??"]
[Source "ChessBase"]
[SourceDate "1994.06.01"]

1. e4 e5 2. Nf3 Nc6 3. Bb5 Bc5 4. c3 f5 5. d4 fxe4 6. Bxc6 dxc6 7. Nxe5 Bd6 8. Qh5+ g6 9. Qe2 Qh4 10. Nd2 Bf5 11. g4 Be6 12. Nxe4 Bxe5 13. h3 Bxg4 14. Qxg4 Qxg4 15. hxg4 Bd6 16. Bg5 Kf7 17. O-O-O h6 18. Rh3 Kg7 19. Rdh1 Rf8 20. Nxd6 cxd6 21. Be3 d5 22. R1h2 Rh7 23. Kd2 Rf7 24. Ke2 Re7 25. Kf1 Re4 26. Bd2 Re7 27. f3 a6 28. Kf2 Rf7 29. Kg2 Re7 30. Kg3 Rf7 31. Bf4 Re7 32. Be5+ Kf7 33. f4 Nf6 34. Rxh6 Ne4+ 35. Kg2 Rxh6 36. Rxh6 Nd2 37. Rh7+ Ke6 38. f5+ gxf5 39. gxf5+ Kd7 40. Rh8 Nc4 41. Rb8 b5 42. f6 Rf7 43. Kf3 Nxb2 44. Kg4 Nd1 45. Kf5 1-0

[Event "Lugano"]
[Site "?"]
[Date "1989.??.??"]
[Round "?"]
[White "Huebner, R."]
[Black "Hess, R."]
[Result "1-0"]
[WhiteElo "2600"]
[BlackElo "2330"]
[PlyCount "53"]
[EventDate "1989.??.??"]
[Source "ChessBase"]
[SourceDate "1989.01.01"]

1. e4 e5 2. Nf3 Nc6 3. Bb5 Bc5 4. c3 f5 5. d4 fxe4 6. Bxc6 dxc6 7. Nxe5 Qd5 8. Qh5+ g6 9. Qe2 Bd6 10. O-O Bf5 11. Nc4 O-O-O 12. Nxd6+ Qxd6 13. Bg5 Re8 14. Nd2 Nf6 15. Nc4 Qe6 16. Bxf6 Qxf6 17. b4 h5 18. Ne5 g5 19. f3 exf3 20. Qxf3 Ref8 21. Rf2 Qh6 22. Raf1 a6 23. Qe3 Be6 24. d5 Rxf2 25. Rxf2 cxd5 26. Qa7 c6 27. Nf7 1-0

[Event "Capablanca mem Premier II 36th"]
[Site "Havana"]
[Date "2001.05.15"]
[Round "9"]
[White "Zapata, Alonso"]
[Black "De la Paz, Frank"]
[Result "1-0"]
[WhiteElo "2492"]
[BlackElo "2437"]
[PlyCount "77"]
[EventDate "2001.05.05"]
[Source "ChessBase"]
[SourceDate "2001.07.03"]

1. e4 e5 2. Nf3 Nc6 3. Bb5 Bc5 4. c3 Nf6 5. d4 exd4 6. e5 Ne4 7. cxd4 Bb4+ 8. Bd2 Nxd2 9. Nbxd2 O-O 10. O-O Bxd2 11. Qxd2 Ne7 12. Qf4 d6 13. Rfe1 Ng6 14. Qg3 dxe5 15. dxe5 Qd5 16. Ba4 Be6 17. Ng5 Qd4 18. Bc2 Rfe8 19. Be4 c6 20. b3 Rad8 21. Kh1 Bd5 22. f4 Qd2 23. Bxd5 Rxd5 24. f5 Rdxe5 25. Rf1 Re3 26. Nf3 Rxf3 27. Rxf3 Ne5 28. f6 Ng6 29. Raf1 Qxa2 30. h4 h5 31. fxg7 Re7 32. Qg5 Qe2 33. Qxh5 Qe4 34. Rf4 Re5 35. Qh6 Qe3 36. h5 Qe2 37. hxg6 Rh5+ 38. Kg1 Qe3+ 39. R4f2 1-0

[Event "SWE-ch"]
[Site "Orebro"]
[Date "2000.07.05"]
[Round "4"]
[White "Ernst, Thomas"]
[Black "Hector, Jonny"]
[Result "1/2-1/2"]
[WhiteElo "2409"]
[BlackElo "2509"]
[PlyCount "122"]
[EventDate "2000.07.02"]
[Source "ChessBase"]
[SourceDate "2000.09.14"]

1. e4 e5 2. Nf3 Nc6 3. Bb5 Bc5 4. c3 Bb6 5. O-O d6 6. d4 Bd7 7. dxe5 dxe5 8. Bxc6 Bxc6 9. Nxe5 Qxd1 10. Rxd1 Bxe4 11. Re1 f5 12. Nd2 Nf6 13. Nec4 O-O-O 14. Nxe4 Nxe4 15. Nxb6+ axb6 16. Be3 b5 17. Bd4 Rhg8 18. f3 Nd6 19. Re7 Rd7 20. Rae1 b6 21. b4 Kd8 22. R7e6 Kc8 23. h4 g6 24. Kh2 Rf8 25. Kh3 f4 26. Bf6 Rff7 27. Bg5 Nf5 28. R1e4 Rd3 29. Rxf4 Rxc3 30. g4 Ng7 31. Rxf7 Nxe6 32. Kg3 h5 33. Bf6 Rc4 34. Re7 Nf4 35. Bg5 Nd3 36. Re6 Kb7 37. Bh6 Rc6 38. Rxc6 Kxc6 39. f4 Kd5 40. Bf8 Ke4 41. f5 gxf5 42. gxh5 f4+ 43. Kg2 f3+ 44. Kf1 Kf5 45. h6 Kg6 46. Kg1 c5 47. bxc5 bxc5 48. Bxc5 Kxh6 49. Be7 Kh5 50. Kf1 Kg4 51. Kg1 Nf4 52. Bd8 Ne2+ 53. Kf2 Ng3 54. Bc7 Ne4+ 55. Ke3 Nc3 56. h5 Nd5+ 57. Kf2 Kxh5 58. Kxf3 Nxc7 59. Ke3 Kg4 60. Kd4 Na6 61. Kd5 Nb4+ 1/2-1/2

[Event "ARG-ch"]
[Site "Buenos Aires"]
[Date "1998.04.15"]
[Round "1"]
[White "Giaccio, Alfredo Gustavo"]
[Black "Soppe, Guillermo"]
[Result "1-0"]
[WhiteElo "2460"]
[BlackElo "2455"]
[PlyCount "81"]
[EventDate "1998.04.15"]
[Source "ChessBase"]
[SourceDate "1998.08.06"]

1. e4 e5 2. Nf3 Nc6 3. Bb5 Bc5 4. c3 Qf6 5. O-O Nge7 6. Re1 Bb6 7. d4 h6 8. Na3 O-O 9. Nc4 d6 10. a4 a6 11. Bxc6 Nxc6 12. Nxb6 cxb6 13. d5 Ne7 14. Be3 Bg4 15. Bxb6 Ng6 16. h3 Bxf3 17. Qxf3 Qxf3 18. gxf3 f5 19. c4 Nf4 20. Kh2 Nd3 21. Re2 Rac8 22. Ra3 Nc5 23. a5 Nd7 24. Rc2 Nf6 25. Re3 g5 26. b4 h5 27. c5 g4 28. Rd2 gxf3 29. exf5 e4 30. cxd6 Kf7 31. Kg3 Ke8 32. Bd4 Kd7 33. Bxf6 Rxf6 34. Rxe4 Rxf5 35. Re7+ Kxd6 36. Rxb7 Rg8+ 37. Kh4 Rf4+ 38. Kxh5 Rf5+ 39. Kh6 Rgg5 40. Rb6+ Kd7 41. Rxa6 1-0

[Event "Lorca (Spain)"]
[Site "?"]
[Date "2005.07.??"]
[Round "5"]
[White "Giaccio Alfredo Gustavo"]
[Black "Perez Rodney"]
[Result "0-1"]
[WhiteElo "2478"]
[BlackElo "2437"]
[PlyCount "50"]
[EventDate "2005.??.??"]
[Source "www.chesslib.no"]
[SourceDate "2004.05.04"]

1. e4 e5 2. Nf3 Nc6 3. Bb5 Bc5 4. c3 Qf6 5. d4 exd4 6. e5 Qg6 7. cxd4 Bb4+ 8. Nc3 Nge7 9. d5 Bxc3+ 10. bxc3 Qe4+ 11. Qe2 Qxe2+ 12. Kxe2 Nxd5 13. Kd3 O-O 14. Re1 d6 15. exd6 Bf5+ 16. Kd2 cxd6 17. Ba3 Rac8 18. Rac1 Rfd8 19. g3 Nf6 20. Nd4 Nxd4 21. cxd4 Ne4+ 22. Ke3 Rc3+ 23. Kf4 Rxa3 24. Kxf5 Nf6 25. Rc7 Rxa2 0-1

[Event "Marlboro Chess Classic"]
[Site "?"]
[Date "1979.06.25"]
[Round "10"]
[White "Torre Eugenio"]
[Black "Rogers Ian"]
[Result "1-0"]
[WhiteElo "2520"]
[BlackElo "2390"]
[PlyCount "45"]
[EventDate "1979.??.??"]
[Source "www.chesslib.no"]
[SourceDate "2004.05.04"]

1. e4 e5 2. Nf3 Nc6 3. Bb5 Bc5 4. c3 f5 5. d4 exd4 6. e5 dxc3 7. O-O Nge7 8. Qe2 d5 9. exd6 cxd6 10. Nxc3 O-O 11. Bg5 Qc7 12. Rfe1 Ng6 13. Nd5 Qd7 14. b4 Bb6 15. Rad1 Bd8 16. Bc1 Kh8 17. Nf4 a6 18. Nxg6+ hxg6 19. Bc4 b5 20. Bb3 Bb7 21. Qd3 Nxb4 22. Qc3 a5 23. Ne5 1-0

[Event "Oerebro"]
[Site "Oerebro"]
[Date "1990.??.??"]
[Round "3"]
[White "Ernst, Thomas"]
[Black "Hector, Jonny"]
[Result "1/2-1/2"]
[WhiteElo "2440"]
[BlackElo "2465"]
[PlyCount "118"]
[EventDate "1990.??.??"]
[Source "www.chesslib.no"]
[SourceDate "2004.05.04"]

1. e4 e5 2. Nf3 Nc6 3. Bb5 Bc5 4. c3 Bb6 5. d4 exd4 6. cxd4 Nce7 7. d5 a6 8. Ba4 Nf6 9. Nc3 O-O 10. O-O d6 11. Nd4 Ng6 12. f3 Nh5 13. Be3 Ne5 14. Bb3 c5 15. dxc6 bxc6 16. Qd2 a5 17. Rfd1 c5 18. Nde2 c4 19. Bc2 Qg5 20. Kf2 Nf4 21. Ng3 Ng4+ 22. fxg4 Nd3+ 23. Bxd3 Qf4+ 24. Ke1 Bxe3 25. Qc2 cxd3 26. Rxd3 Ba6 27. Rd5 Qxg4 28. Qd1 Qf4 29. Qf3 Rfb8 30. Nd1 Qxf3 31. gxf3 Bc5 32. Nf5 Bc4 33. Rd2 Ra6 34. Nc3 Be6 35. Rad1 a4 36. Nxd6 h5 37. Ndb5 Be7 38. Nd4 Bc4 39. Kf2 Bg5 40. Rc2 Bf4 41. Nd5 Bxd5 42. exd5 Rab6 43. b3 axb3 44. axb3 Rd8 45. Nc6 Rd7 46. Rc3 Ra6 47. Rc2 Rb6 48. b4 Bxh2 49. Rh1 Bd6 50. Rxh5 Rb5 51. Ne5 Rd8 52. Rh8+ Kxh8 53. Nxf7+ Kh7 54. Nxd8 Rxd5 55. Nc6 g5 56. Ke3 Kg6 57. Ke4 Rf5 58. Rb2 Rf4+ 59. Kd5 Bxb4 1/2-1/2

[Event "Jarvenpaa"]
[Site "Jarvenpaa"]
[Date "1985.??.??"]
[Round "?"]
[White "Plaskett, Jim"]
[Black "Rantanen, Yrjo A"]
[Result "1-0"]
[WhiteElo "2480"]
[BlackElo "2420"]
[PlyCount "44"]
[EventDate "1985.07.??"]
[Source "ChessBase"]

1. e4 e5 2. Nf3 Nc6 3. Bb5 Bc5 4. c3 f5 5. d4 fxe4 6. dxc5 exf3 7. Qxf3 Nf6 8. O-O O-O 9. Bg5 Qe8 10. Nd2 Qg6 11. Bxf6 gxf6 12. Rad1 Ne7 13. Nb3 d5 14. cxd6 Bg4 15. Qxb7 Nf5 16. dxc7 Nh4 17. Bd3 Bf3 18. Bxg6 Bxb7 19. Nc5 Bxg2 20. Be4 Bxe4 21. Nxe4 Rac8 22. Rd7 Rf7 1-0

[Event "Helsinki"]
[Site "Helsinki"]
[Date "1986.??.??"]
[Round "7"]
[White "Arnason, Jon L"]
[Black "Rantanen, Yrjo A"]
[Result "1-0"]
[WhiteElo "2500"]
[BlackElo "2395"]
[PlyCount "49"]
[EventDate "1986.05.??"]
[Source "ChessBase"]

1. e4 e5 2. Nf3 Nc6 3. Bb5 Bc5 4. c3 f5 5. d4 fxe4 6. Bxc6 dxc6 7. Nxe5 Qd5 8. Bf4 Bd6 9. c4 Qe6 10. Qh5+ g6 11. Qe2 c5 12. Nc3 cxd4 13. Nxe4 Ne7 14. Nd3 O-O 15. Bh6 Rf7 16. c5 Nf5 17. cxd6 Nxh6 18. dxc7 b6 19. O-O Bb7 20. Rac1 Rc8 21. Rfe1 Rfxc7 22. Rxc7 Rxc7 23. Qd2 Bxe4 24. Qxh6 Qf5 25. Qh4 1-0

[Event "Bela Crkva Open"]
[Site "Bela Crkva"]
[Date "1990.??.??"]
[Round "8"]
[White "Kovalev, Andrei"]
[Black "Meister, Yakov"]
[Result "1-0"]
[WhiteElo "2500"]
[BlackElo "2395"]
[PlyCount "54"]
[EventDate "1990.??.??"]
[Source "www.chesslib.no"]
[SourceDate "2004.05.04"]

1. e4 e5 2. Nf3 Nc6 3. Bb5 Bc5 4. c3 f5 5. d4 exd4 6. e5 dxc3 7. Nxc3 Nge7 8. O-O O-O 9. Na4 Bb6 10. Nxb6 axb6 11. Re1 Qe8 12. Bd2 Ng6 13. Ng5 h6 14. Bc4+ Kh8 15. e6 Nge7 16. Nf7+ Kh7 17. exd7 Qxd7 18. Ng5+ Kh8 19. Qe2 Nd5 20. Rad1 Nce7 21. Bb4 c5 22. Bc3 Qc6 23. Qe5 Qf6 24. Bxd5 Nxd5 25. Qxd5 Qxg5 26. f4 Qh5 27. Re7 Rg8 1-0

[Event "ISR-ch"]
[Site "ISR"]
[Date "1984.??.??"]
[Round "?"]
[White "Greenfeld, Alon"]
[Black "Marantz, Michael"]
[Result "1-0"]
[WhiteElo "2470"]
[BlackElo "2420"]
[PlyCount "119"]
[EventDate "1984.??.??"]
[Source "ChessBase"]

1. e4 e5 2. Nf3 Nc6 3. Bb5 Bc5 4. c3 Nge7 5. O-O Ng6 6. d4 exd4 7. cxd4 Bb6 8. e5 O-O 9. Bg5 Nce7 10. Nc3 h6 11. Bxe7 Nxe7 12. Qd2 d5 13. Qf4 Ng6 14. Qg3 Bf5 15. Rad1 c6 16. Bd3 Qd7 17. Rfe1 Bxd3 18. Rxd3 Qf5 19. Rde3 Rae8 20. Nh4 Nxh4 21. Qxh4 Qg5 22. Qxg5 hxg5 23. Rd1 f6 24. exf6 gxf6 25. Na4 Kf7 26. Rb3 Bxd4 27. Rxb7+ Kg6 28. Kf1 c5 29. Rxa7 Rh8 30. h3 g4 31. Rd3 Re5 32. Nc3 Rhe8 33. Rd1 Rf5 34. Rd2 g3 35. Re2 Rxf2+ 36. Rxf2 Bxf2 37. Ne2 Re3 38. Rb7 Kf5 39. Rb3 Rxb3 40. axb3 Ke5 41. Nc3 Bd4 42. h4 Kf5 43. Nxd5 Bxb2 44. Ne3+ Kf4 45. Nc4 Bd4 46. Ke2 Kg4 47. Nd2 f5 48. Nf3 Bf6 49. Ke3 Bb2 50. Kd3 Bf6 51. Ke3 Bd8 52. Ne5+ Kxh4 53. Kf4 Ba5 54. Kxf5 Bc3 55. Nd3 Bd4 56. Ke4 Kg4 57. b4 Bc3 58. bxc5 Ba5 59. c6 Kg5 60. Nf4 1-0

[Event "TCh-SCG"]
[Site "Petrovac"]
[Date "2004.05.22"]
[Round "7"]
[White "Savic, Miodrag"]
[Black "Novoselski, Zoran"]
[Result "1-0"]
[WhiteElo "2529"]
[BlackElo "2358"]
[PlyCount "179"]
[EventDate "2004.05.16"]
[Source "Roberto Alvarez"]
[SourceDate "2004.05.24"]

1. e4 e5 2. Nf3 Nc6 3. Bb5 Bc5 4. c3 Nf6 5. Qe2 Qe7 6. O-O O-O 7. d3 d6 8. Bg5 h6 9. Bh4 Bg4 10. Nbd2 Nd8 11. h3 Bxf3 12. Qxf3 Ne6 13. Rfe1 Ng5 14. Qe2 Nfh7 15. Kh1 c6 16. Bc4 Qd7 17. Bg3 Rae8 18. Bb3 Ne6 19. Nf3 Nhg5 20. Nxg5 Nxg5 21. Rad1 Kh8 22. Bc2 Ne6 23. Qg4 Qe7 24. Rf1 g5 25. Qf5 Rg8 26. b4 Bd4 27. c4 Bc3 28. b5 h5 29. Qf3 g4 30. Qe3 Rg6 31. h4 Bd4 32. Qd2 Reg8 33. bxc6 bxc6 34. Ba4 Qc7 35. Rb1 Bb6 36. Rfc1 Kh7 37. Bd1 Rf6 38. a4 a5 39. Rb3 Bd4 40. Rcb1 Nc5 41. Ra3 Na6 42. Rab3 Nb4 43. Be2 Qa7 44. Rf1 Rgg6 45. Bd1 Qe7 46. Kh2 Rf4 47. Kg1 Rff6 48. Kh2 Qa7 49. Rb1 Be3 50. Qe2 Bf4 51. Bb3 c5 52. Bd1 Qe7 53. Kg1 Nc6 54. Qb2 Nb4 55. Be2 Qe6 56. Rfd1 Bh6 57. Qc3 Rg8 58. Rf1 Rfg6 59. Rfe1 Qf6 60. Bd1 Bf8 61. Rf1 Qg7 62. Kh2 Be7 63. Qd2 Bf6 64. Rb3 Qf8 65. Rh1 Qe7 66. Kg1 Bg7 67. Kh2 Bh6 68. Qe1 Qf6 69. Rf1 Bf4 70. Kg1 Qe6 71. Qc3 Rf6 72. Be2 Qe8 73. Bxf4 Rxf4 74. g3 Rf6 75. Bd1 Qd7 76. Rb2 Rf3 77. Bxf3 gxf3 78. Kh2 Qg4 79. Re1 Nc6 80. Rb7 Rg7 81. Re3 Nd4 82. Qxa5 Ne2 83. Qe1 Nf4 84. Qf1 Ng2 85. Rxf3 Qxf3 86. Qxg2 Qxd3 87. a5 Qa3 88. Qh3 Qxa5 89. Qf5+ Kh6 90. Rb8 1-0

[Event "Corr"]
[Site "?"]
[Date "1995.11.15"]
[Round "?"]
[White "Joao Nevio (BRA)"]
[Black "Rosenhahn Eberhard (GER)"]
[Result "0-1"]
[WhiteElo "2530"]
[BlackElo "2355"]
[PlyCount "50"]
[EventDate "1995.??.??"]
[Source "www.chesslib.no"]
[SourceDate "2004.05.04"]

1. e4 e5 2. Nf3 Nc6 3. Bb5 Bc5 4. c3 Nf6 5. d4 exd4 6. e5 Ne4 7. O-O d5 8. exd6 O-O 9. dxc7 Qxc7 10. Bxc6 bxc6 11. cxd4 Bb6 12. Be3 Bg4 13. h3 Bh5 14. g4 Bg6 15. Ne5 Rad8 16. Qc2 Bxd4 17. Nxg6 Bxe3 18. Qxe4 Bxf2+ 19. Kh1 fxg6 20. Nc3 Qg3 21. Qg2 Qh4 22. Ne4 Bb6 23. Rxf8+ Rxf8 24. Rf1 Rxf1+ 25. Qxf1 h5 0-1

[Event "Copenhagen Open"]
[Site "Copenhagen DEN"]
[Date "1991.??.??"]
[Round "9"]
[White "Kristiansen, Jens"]
[Black "Hector, Jonny"]
[Result "0-1"]
[WhiteElo "2415"]
[BlackElo "2465"]
[PlyCount "88"]
[EventDate "1991.06.??"]
[Source "www.chesslib.no"]
[SourceDate "2004.05.04"]

1. e4 e5 2. Nf3 Nc6 3. Bb5 Bc5 4. c3 Bb6 5. d4 exd4 6. cxd4 Nce7 7. d5 Nf6 8. Nc3 O-O 9. O-O Ba5 10. Bd3 d6 11. h3 c6 12. dxc6 bxc6 13. Qc2 Ng6 14. Ne2 Ne5 15. Nxe5 dxe5 16. Ng3 Bb6 17. Bg5 h6 18. Be3 Be6 19. b3 Nh7 20. Bc4 Ng5 21. Rad1 Qe7 22. Nf5 Bxf5 23. exf5 Rad8 24. Qe2 Qf6 25. Qg4 Bd4 26. Bc1 Rd7 27. Rd3 Nh7 28. Rg3 Kh8 29. Re1 Rfd8 30. Qh5 Bb6 31. Be3 Re7 32. Qg4 Rde8 33. Qe4 Qd6 34. Qg4 Qf6 35. Qe4 Rd8 36. a4 Ng5 37. Bxg5 hxg5 38. Qg4 Rd2 39. Re2 Rd1+ 40. Kh2 e4 41. Rxe4 Bxf2 42. Rc3 Rxe4 43. Qxd1 Qe5+ 44. g3 Rxc4 0-1

[Event "Villa de Benasque 19th op"]
[Site "Benasque"]
[Date "1999.??.??"]
[Round "9"]
[White "Delchev, Aleksander"]
[Black "Granados Gomez, Manuel"]
[Result "1-0"]
[WhiteElo "2548"]
[BlackElo "2328"]
[PlyCount "121"]
[EventDate "1999.??.??"]
[Source "www.chesslib.no"]
[SourceDate "2004.05.04"]

1. e4 e5 2. Nf3 Nc6 3. Bb5 Bc5 4. c3 d5 5. exd5 Qxd5 6. Qe2 Bd7 7. d4 Bb6 8. Bc4 Qd6 9. dxe5 Qg6 10. Ng5 Nd8 11. O-O Nh6 12. e6 Nxe6 13. Bd3 Qf6 14. a4 a6 15. Na3 O-O-O 16. Ne4 Qh4 17. Nc4 Ba7 18. g3 Qh3 19. Ne5 f6 20. Bxh6 gxh6 21. Nxd7 Rxd7 22. Qf3 Rf8 23. Bc4 Nd8 24. Rad1 Rxd1 25. Rxd1 f5 26. b4 f4 27. Be2 fxg3 28. Qg4+ Qxg4 29. Bxg4+ Kb8 30. hxg3 Nf7 31. Nc5 Bxc5 32. bxc5 Ne5 33. Be2 Rf5 34. Rd8+ Ka7 35. Kg2 Nc6 36. Rd7 Rxc5 37. Rxc7 Rxc3 38. Bf3 Kb6 39. Rxh7 Rc4 40. Rxh6 Rxa4 41. g4 Rf4 42. Kg3 Rf8 43. g5 Kc5 44. Bxc6 bxc6 45. f4 a5 46. Kg4 a4 47. Rh1 Kd6 48. f5 a3 49. Rd1+ Ke5 50. Re1+ Kd6 51. g6 a2 52. g7 Rb8 53. f6 Rb1 54. f7 a1=Q 55. f8=Q+ Kc7 56. Qf4+ Kb7 57. Rxb1+ Qxb1 58. g8=Q Qg1+ 59. Qg3 Qd1+ 60. Kg5 Qd2+ 61. Kf6 1-0

[Event "Trnava Open"]
[Site "Trnava SVK"]
[Date "1990.??.??"]
[Round "9"]
[White "Kveinys, Aloyzas"]
[Black "Banas, Jan"]
[Result "1-0"]
[WhiteElo "2475"]
[BlackElo "2395"]
[PlyCount "63"]
[EventDate "1990.??.??"]
[Source "www.chesslib.no"]
[SourceDate "2004.05.04"]

1. e4 e5 2. Nf3 Nc6 3. Bb5 Bc5 4. c3 Nge7 5. O-O Bb6 6. d4 exd4 7. cxd4 d5 8. exd5 Nxd5 9. Re1+ Be6 10. Bxc6+ bxc6 11. Ng5 O-O 12. Qd3 Nf6 13. Nxe6 fxe6 14. Be3 c5 15. Rd1 Ng4 16. Qe4 Nxe3 17. Qxe6+ Kh8 18. Qxe3 cxd4 19. Qd3 Qh4 20. Rf1 c5 21. Nd2 Rae8 22. g3 Qh5 23. Rae1 Rxe1 24. Rxe1 Qf7 25. Re2 Qxa2 26. b3 h6 27. Ne4 Qa1+ 28. Kg2 Qc1 29. h4 a5 30. Nf6 gxf6 31. Re7 f5 32. Qe2 1-0

[Event "Najdorf final KO"]
[Site "Buenos Aires"]
[Date "2000.09.12"]
[Round "2.2"]
[White "Zapata, Alonso"]
[Black "Mahia, Gustavo"]
[Result "1/2-1/2"]
[WhiteElo "2487"]
[BlackElo "2377"]
[PlyCount "37"]
[EventDate "2000.09.09"]
[Source "ChessBase"]
[SourceDate "2000.11.21"]

1. e4 e5 2. Nf3 Nc6 3. Bb5 Bc5 4. c3 Nf6 5. d4 exd4 6. e5 Ne4 7. cxd4 Bb4+ 8. Nbd2 d5 9. O-O O-O 10. Bxc6 bxc6 11. Qa4 a5 12. a3 Bxd2 13. Nxd2 Ba6 14. Rd1 Qh4 15. Nxe4 Qxe4 16. f3 Qg6 17. Re1 Bc4 18. Qd1 Rfb8 19. Re3 1/2-1/2

[Event "Copenhagen Obro Open"]
[Site "Copenhagen DEN"]
[Date "1989.??.??"]
[Round "6"]
[White "Vogt, Lothar H"]
[Black "Brinck-Claussen, Bjorn"]
[Result "1/2-1/2"]
[WhiteElo "2470"]
[BlackElo "2390"]
[PlyCount "39"]
[EventDate "1989.??.??"]
[Source "www.chesslib.no"]
[SourceDate "2004.05.04"]

1. e4 e5 2. Nf3 Nc6 3. Bb5 Bc5 4. c3 Nf6 5. d3 d6 6. O-O Bd7 7. Nbd2 O-O 8. a4 a6 9. Bc4 Ba7 10. Re1 Ng4 11. Re2 Kh8 12. h3 Nh6 13. Nf1 f5 14. Bxh6 gxh6 15. exf5 Bxf5 16. Bd5 Ne7 17. Bxb7 Ng6 18. Ng3 Bxh3 19. gxh3 Rb8 20. Be4 1/2-1/2

[Event "Asztalos Memorial"]
[Site "Baja"]
[Date "1971.??.??"]
[Round "1"]
[White "Ciocaltea, Viktor"]
[Black "Sax, Gyula"]
[Result "1-0"]
[WhiteElo "2460"]
[BlackElo "2400"]
[PlyCount "81"]
[EventDate "1971.05.??"]
[Source "www.chesslib.no"]
[SourceDate "2004.05.04"]

1. e4 e5 2. Nf3 Nc6 3. Bb5 Bc5 4. c3 f5 5. d3 fxe4 6. dxe4 Nf6 7. O-O Qe7 8. Nbd2 O-O 9. b4 Bb6 10. Nc4 d6 11. a4 a6 12. Nxb6 cxb6 13. Be2 Be6 14. Ng5 h6 15. Nxe6 Qxe6 16. Bd3 Kh8 17. Be3 b5 18. axb5 axb5 19. Qc2 d5 20. Qb3 Qd7 21. Rad1 Qf7 22. Bc5 Rfd8 23. exd5 Qxd5 24. Qb1 e4 25. Bxb5 Qe5 26. Bxc6 Ng4 27. g3 bxc6 28. h3 Nf6 29. Bd4 Qf5 30. Rfe1 Rxd4 31. Rxd4 Qxh3 32. Rdxe4 Nxe4 33. Qxe4 Qd7 34. b5 Rc8 35. b6 Rb8 36. Rb1 Qd6 37. Qd4 Qxd4 38. cxd4 Kg8 39. Kf1 Kf7 40. Ke2 Ke6 41. Kd3 1-0

[Event "Capablanca mem Premier I 36th"]
[Site "Havana"]
[Date "2001.05.17"]
[Round "11"]
[White "Garcia Martinez, Silvino"]
[Black "Perez, Rodney"]
[Result "1/2-1/2"]
[WhiteElo "2378"]
[BlackElo "2471"]
[PlyCount "22"]
[EventDate "2001.05.05"]
[Source "ChessBase"]
[SourceDate "2001.07.03"]

1. e4 e5 2. Nf3 Nc6 3. Bb5 Bc5 4. c3 Qf6 5. O-O Nge7 6. Re1 O-O 7. d4 exd4 8. e5 Qg6 9. cxd4 Bb4 10. Bd3 f5 11. Nc3 d5 1/2-1/2

[Event "Helsinki (Finland)"]
[Site "Helsinki FIN"]
[Date "1984.??.??"]
[Round "43"]
[White "Ornstein, Axel O"]
[Black "Rantanen, Yrjo A"]
[Result "1-0"]
[WhiteElo "2405"]
[BlackElo "2440"]
[PlyCount "79"]
[EventDate "1984.??.??"]
[Source "www.chesslib.no"]
[SourceDate "2004.05.04"]

1. e4 e5 2. Nf3 Nc6 3. Bb5 Bc5 4. c3 f5 5. d4 fxe4 6. Nxe5 Nxe5 7. Qh5+ Ng6 8. dxc5 Nf6 9. Qg5 c6 10. Be2 d5 11. cxd6 Qxd6 12. Be3 Be6 13. Nd2 O-O-O 14. O-O-O Qc7 15. Qc5 Nf4 16. Bxf4 Qxf4 17. g3 Qh6 18. Qxa7 Ng4 19. Kb1 Nxf2 20. Ba6 bxa6 21. Qxa6+ Kd7 22. Nxe4+ Nxd1 23. Rxd1+ Bd5 24. Nc5+ Ke8 25. Qe2+ Kf7 26. Rf1+ Kg8 27. Qe7 Qg6+ 28. Ka1 Ra8 29. b3 h6 30. c4 Kh7 31. cxd5 Rhe8 32. Qd7 Re2 33. a4 Qc2 34. Qf5+ Qxf5 35. Rxf5 Rd8 36. Ne6 Rxd5 37. Rxd5 cxd5 38. Nf4 Re5 39. Kb2 d4 40. b4 1-0

[Event "Isle of Man op"]
[Site "Isle of Man"]
[Date "1996.??.??"]
[Round "9"]
[White "Hunt, Harriet"]
[Black "Hector, Jonny"]
[Result "1/2-1/2"]
[WhiteElo "2315"]
[BlackElo "2525"]
[PlyCount "85"]
[EventDate "1996.10.??"]
[Source "www.chesslib.no"]
[SourceDate "2004.05.04"]

1. e4 e5 2. Nf3 Nc6 3. Bb5 Bc5 4. c3 f5 5. Bxc6 dxc6 6. Nxe5 Qh4 7. d4 Qxe4+ 8. Qe2 Qxe2+ 9. Kxe2 Bd6 10. Nc4 Be7 11. Bf4 Be6 12. Nbd2 O-O-O 13. Rhe1 c5 14. Kf1 Bf7 15. Be5 Bf8 16. dxc5 Nf6 17. Bd4 Ne4 18. b4 b5 19. cxb6 axb6 20. Red1 Bxb4 21. Nxb6+ cxb6 22. Nxe4 Ba5 23. Ng3 f4 24. Nf5 Rhf8 25. Nxg7 Rd5 26. Re1 Rxd4 27. cxd4 Bxe1 28. Rxe1 Bxa2 29. Re8+ Rxe8 30. Nxe8 Kd7 31. Nf6+ Ke6 32. Nxh7 Kd5 33. Ke1 Kxd4 34. Kd2 Bd5 35. g3 f3 36. Nf6 Be6 37. g4 b5 38. h4 b4 39. Kc2 Ke5 40. g5 Kf5 41. Kb2 Bf7 42. Nd7 Be8 43. Nf6 1/2-1/2

[Event "HUN-ch"]
[Site "Budapest"]
[Date "1976.??.??"]
[Round "2"]
[White "Pinter, Jozsef"]
[Black "Tompa, Janos"]
[Result "1/2-1/2"]
[WhiteElo "2420"]
[BlackElo "2415"]
[PlyCount "31"]
[EventDate "1976.12.??"]
[Source "ChessBase"]

1. e4 e5 2. Nf3 Nc6 3. Bb5 Bc5 4. c3 f5 5. d4 fxe4 6. Bxc6 dxc6 7. Nxe5 Qd5 8. Bf4 Bd6 9. c4 Qe6 10. Qh5+ g6 11. Qe2 Qf5 12. Bg3 c5 13. Nf3 Nf6 14. Bxd6 cxd6 15. dxc5 O-O 16. Nfd2 1/2-1/2